|
|
|
|
| LEADER |
01699nam a2200409 i 4500 |
| 001 |
EBC3572135 |
| 003 |
MiAaPQ |
| 005 |
20200520144314.0 |
| 006 |
m o d | |
| 007 |
cr cnu|||||||| |
| 008 |
150626t20142014gw ob 001 0 eng d |
| 020 |
|
|
|z 9783110374810
|
| 020 |
|
|
|a 9783110374827
|q (electronic bk.)
|
| 035 |
|
|
|a (MiAaPQ)EBC3572135
|
| 035 |
|
|
|a (Au-PeEL)EBL3572135
|
| 035 |
|
|
|a (CaPaEBR)ebr11066065
|
| 035 |
|
|
|a (OCoLC)903239027
|
| 040 |
|
|
|a MiAaPQ
|b eng
|e rda
|e pn
|c MiAaPQ
|d MiAaPQ
|
| 050 |
|
4 |
|a RC569
|b .L47 2014
|
| 082 |
0 |
|
|a 616.858445
|2 23
|
| 100 |
1 |
|
|a Lester, David ,
|e author.
|
| 245 |
1 |
5 |
|a The "I" of the storm :
|b understanding the suicidal mind /
|c David Lester.
|
| 264 |
|
1 |
|a Warsaw, [Poland] ;
|a Berlin, [Germany] :
|b De Gruyter Open,
|c 2014.
|
| 264 |
|
4 |
|c 2014
|
| 300 |
|
|
|a 1 online resource (181 pages)
|
| 336 |
|
|
|a text
|2 rdacontent
|
| 337 |
|
|
|a computer
|2 rdamedia
|
| 338 |
|
|
|a online resource
|2 rdacarrier
|
| 504 |
|
|
|a Includes bibliographical references and index.
|
| 588 |
|
|
|a Description based on online resource; title from PDF title page (ebrary, viewed June 24, 2015).
|
| 590 |
|
|
|a Electronic reproduction. Ann Arbor, MI : ProQuest, 2016. Available via World Wide Web. Access may be limited to ProQuest affiliated libraries.
|
| 650 |
|
0 |
|a Suicide
|x Psychology.
|
| 650 |
|
0 |
|a Suicide.
|
| 655 |
|
4 |
|a Electronic books.
|
| 776 |
0 |
8 |
|i Print version:
|a Lester, David.
|t "I" of the storm : understanding the suicidal mind.
|d Warsaw, [Poland] ; Berlin, [Germany] : De Gruyter Open, c2014
|h xii, 169 pages
|z 9783110374810
|
| 797 |
2 |
|
|a ProQuest (Firm)
|
| 856 |
4 |
0 |
|u https://ebookcentral.proquest.com/lib/matrademy/detail.action?docID=3572135
|z Click to View
|